|
|
|
|
| LEADER |
01406nam a2200445 4500 |
| 001 |
DLU090068742 |
| 005 |
##20090513 |
| 008 |
##020531s2003 enka b 001 0 eng |
| 010 |
# |
# |
|a 2002074964
|
| 015 |
# |
# |
|a GBA3-21206
|
| 020 |
# |
# |
|a 0335211682 (pbk.)
|
| 020 |
# |
# |
|a 0335211690
|
| 020 |
# |
# |
|a 9780335211685 (pbk.)
|
| 020 |
# |
# |
|a 9780335211692
|
| 035 |
# |
# |
|a (OCoLC)49976933
|z (OCoLC)51871921
|z (OCoLC)52900603
|z (OCoLC)57745309
|
| 035 |
# |
# |
|a (OCoLC)ocm49976933
|
| 040 |
# |
# |
|a DLC
|c DLC
|d OCLCQ
|d C#P
|d UKM
|d BAKER
|d NLGGC
|d BTCTA
|d YDXCP
|d DLC
|
| 042 |
# |
# |
|a pcc
|
| 050 |
# |
# |
|a LB2331
|b .B526 2003
|
| 082 |
# |
# |
|a 378.125
|b BI-J
|
| 084 |
# |
# |
|a 81.61
|2 bcl
|
| 100 |
# |
# |
|a Biggs, John B.
|q (John Burville)
|
| 245 |
# |
# |
|a Teaching for quality learning at university :
|b what the student does /
|c John Biggs.
|
| 250 |
# |
# |
|a 2nd ed.
|
| 260 |
# |
# |
|a Buckingham ;
|a Philadelphia, PA :
|b Society for Research into Higher Education :
|b Open University Press,
|c 2003.
|
| 300 |
# |
# |
|a xii, 309 p. :
|b ill. ;
|c 23 cm.
|
| 504 |
# |
# |
|a Includes bibliographical references (p. [291]-304) and index.
|
| 650 |
# |
# |
|a College students
|x Rating of.
|
| 650 |
# |
# |
|a College students.
|
| 650 |
# |
# |
|a Learning.
|
| 923 |
# |
# |
|a 03/2009
|
| 992 |
# |
# |
|a 1917438
|
| 994 |
# |
# |
|a DLU
|
| 900 |
# |
# |
|a True
|
| 911 |
# |
# |
|a Đào Thị Thu Huyền
|
| 925 |
# |
# |
|a G
|
| 926 |
# |
# |
|a A
|
| 927 |
# |
# |
|a SH
|
| 980 |
# |
# |
|a Thư viện Trường Đại học Đà Lạt
|